Pikmins - Statistiques

Statistiques générales
  • Ce quiz a été pris 116 fois
  • Le résultat moyen est 9 sur 11
Statistiques - réponses
Par images Réponse % Correct
Pikmin Jaune
100%
Pikmin Rouge
100%
Pikmin Violet
100%
Pikmin Blanc
99%
Pikmin Bleu
99%
Pikmin Roc
99%
Pikmin Glace
96%
Pikmin Ailé
90%
Pikmin Luisant
54%
Pikmin Champignon
38%
Bulbikmin
23%
Aucun quiz correspondant
Distribution des résultats
% des personnes avec chaque résultat
Percentile par nombre de réponses
Votre historique - résultats
Vous n’avez pas pris ce quiz